Hunting efficiency and predation risk shapes the color-associated foraging traits of a predator /
সংরক্ষণ করুন:
| প্রধান লেখক: | |
|---|---|
| অন্যান্য লেখক: | , |
| বিন্যাস: | প্রবন্ধ |
| ভাষা: | English |
| বিষয়গুলি: | |
| ট্যাগগুলো: |
ট্যাগ যুক্ত করুন
কোনো ট্যাগ নেই, প্রথমজন হিসাবে ট্যাগ করুন!
|
| Thư viện lưu trữ: | Thư viện Trường Đại học Đà Lạt |
|---|
| LEADER | 00937nam a2200313 4500 | ||
|---|---|---|---|
| 001 | DLU090097953 | ||
| 005 | ##20091201 | ||
| 040 | # | # | |a DLU |b eng |
| 041 | # | # | |a eng |
| 044 | # | # | |a uk |
| 100 | # | # | |a Fan, Chun-Min. |
| 245 | # | # | |a Hunting efficiency and predation risk shapes the color-associated foraging traits of a predator / |c Chun-Min Fan, En-Cheng Yang, I-Min Tso. |
| 653 | # | # | |a Body coloration |
| 653 | # | # | |a Nephila pilipes |
| 653 | # | # | |a Nephilidae |
| 653 | # | # | |a Orb spider |
| 653 | # | # | |a Visual ecology |
| 700 | # | # | |a Tso, I-Min. |
| 700 | # | # | |a Yang, En-Cheng. |
| 773 | # | # | |t Behavioral ecology |g Vol. 20, no. 4 (July-August 2009), p. 808-816 |
| 920 | # | # | |a Phòng Tạp chí -- Trung tâm Thông tin - Thư viện Trường Đại học Đà Lạt |
| 994 | # | # | |a DLU |
| 900 | # | # | |a True |
| 911 | # | # | |a Trương Bảo Trâm Anh |
| 925 | # | # | |a G |
| 926 | # | # | |a A |
| 927 | # | # | |a BB |
| 980 | # | # | |a Thư viện Trường Đại học Đà Lạt |